Introduction to mathematical physics : (Record no. 19543)

MARC details
000 -LEADER
fixed length control field 01024cam a22002895i 4500
001 - CONTROL NUMBER
control field 011946625
003 - CONTROL NUMBER IDENTIFIER
control field EG-ScBUE
005 - DATE AND TIME OF LATEST TRANSACTION
control field 20250526104438.0
008 - FIXED-LENGTH DATA ELEMENTS--GENERAL INFORMATION
fixed length control field 921102s2013 enka f b f001 0 eng d
020 ## - INTERNATIONAL STANDARD BOOK NUMBER
International Standard Book Number 9780199641390
020 ## - INTERNATIONAL STANDARD BOOK NUMBER
International Standard Book Number 0195072030 (pbk)
040 ## - CATALOGING SOURCE
Original cataloging agency EG-ScBUE
Language of cataloging eng
Description conventions rda
Transcribing agency EG-ScBUE
Modifying agency EG-ScBUE
082 04 - DEWEY DECIMAL CLASSIFICATION NUMBER
Classification number 530.15
Edition number 22
Item number WON
100 1# - MAIN ENTRY--PERSONAL NAME
Personal name Wong, Chun Wa,
9 (RLIN) 38486
Dates associated with a name 1938-
Relator term author.
245 10 - TITLE STATEMENT
Title Introduction to mathematical physics :
Remainder of title methods and concepts /
Statement of responsibility, etc Chun Wa Wong, Department of Physics and Astronomy, University of California, Los Angeles.
250 ## - EDITION STATEMENT
Edition statement Second edition.
264 #1 - PUBLICATION, DISTRIBUTION, ETC. (IMPRINT)
Place of publication, distribution, etc Oxford :
Name of publisher, distributor, etc Oxford University Press,
Date of publication, distribution, etc 2013.
300 ## - PHYSICAL DESCRIPTION
Extent xii, 716 pages :
Dimensions illustrations ;
Other physical details 26 cm
336 ## - CONTENT TYPE
Source rdacontent
Content type term text
Content type code txt
337 ## - MEDIA TYPE
Source rdamedia
Media type term unmediated
Media type code n
338 ## - CARRIER TYPE
Source rdacarrier
Carrier type term volume
Carrier type code nc
500 ## - GENERAL NOTE
General note Includes appendix.
504 ## - BIBLIOGRAPHY, ETC. NOTE
Bibliography, etc Includes bibliographical references and index.<br/>
650 #7 - SUBJECT ADDED ENTRY--TOPICAL TERM
Topical term or geographic name as entry element Mathematical physics.
Source of heading or term BUEsh
9 (RLIN) 6575
655 ## - INDEX TERM--GENRE/FORM
Form subdivision Reading book
942 ## - ADDED ENTRY ELEMENTS (KOHA)
Source of classification or shelving scheme Dewey Decimal Classification
Koha item type Book - Borrowing
Holdings
Withdrawn status Lost status Source of classification or shelving scheme Damaged status Not for loan Collection code Home library Current library Shelving location Date acquired Source of acquisition Cost, normal purchase price Total Checkouts Total Renewals Full call number Barcode Date last seen Date checked out Cost, replacement price Koha item type
    Dewey Decimal Classification     Baccah Central Library Central Library First floor 10/06/2015 Purchase 420.00 1 3 530.15 WON 000038449 15/07/2025 22/09/2024 525.00 Book - Borrowing
    Dewey Decimal Classification     Baccah Central Library Central Library First floor 10/06/2015 Purchase 420.00 4 17 530.15 WON 000038447 15/07/2025 09/11/2022 525.00 Book - Borrowing